000 00286nam a22001337a 4500
008 170725b xxu||||| |||| 00| 0 eng d
020 _a9781418835934
041 _aeng
080 _27TH
_a004
100 _a29
101 _aSHK
245 _aDATABASE SYSTEMS
_cROB,P
942 _2udc
_cBK
999 _c21849
_d21849